000 01789nam a2200373 i 4500
001 000007700
003 DO-SdBNP
005 20250716104516.0
007 ta
008 090907s2008 dr ac 001 0 spa d
020 _a9789945443233
040 _aDO-SdBNP
_bspa
_cBNPHU
_erda
082 4 _a015.7293
_bA347c
_222
100 1 _aAlcántara Almánzar, José,
_d1946-
_eautor
_97018
245 1 0 _aCatálogo de la colección del Banco Central /
_cJosé Alcántara Almánzar, Luis José Bourget.
264 4 _aSanto Domingo :
_bBanco Central de la República Dominicana,
_c©2008.
300 _a237 páginas :
_bilustraciones, retratos ;
_c23 cm.
336 _2rdacontent
_atexto
_btxt
337 _2rdamedia
_asin mediación
_bn
338 _avolumen
_bnc
_2rdacarrier
490 0 _aBanco Central de la República Dominicana
_v100
490 0 _aSerie Arte y literatura ;
_v42
500 _aIncluye datos biográficos de los autores
505 2 _aPresentación --
_tSerie nueva literatura económica --
_tSerie numismática y filatélica --
_tSerie obras premiadas--
_tSerie arte y literatura --
_tSerie bibliografía económica --
_tSerie ciencias sociales --
_tSerie cuentos Virgilio Díaz Grullón --
_tSerie educativa BCRD.
590 _aInventariado, 2018/DG
610 2 _aBanco Central de la República Dominicana
_xReseña de libros
_vCatálogos
_921359
650 4 _aCatálogos de editores
_zRepública Dominicana
_vLibros
_921358
650 4 _aReseña de libros
_vCatálogos
_921360
700 1 _aBourget, Luis José,
_d1966-
_eautor
_4aut.
_921361
710 2 _aBanco Central de la República Dominicana
_983405
830 _aBanco Central de la República Dominicana
_n100
_pSerie Arte y Literatura
_n42
_988370
910 _aValidado. Control de calidad MMOLINA
942 _2ddc
_cLBS1
999 _c7479
_d7479